LEADER 03637oam 2200853 450 001 9910812027803321 005 20230630000250.0 010 $a1-61811-748-3 024 7 $a10.1515/9781618117489 035 $a(CKB)4100000011767116 035 $a(MiAaPQ)EBC6478662 035 $a(DE-B1597)571173 035 $a(OCoLC)1243311394 035 $a(DE-B1597)9781618117489 035 $a(EXLCZ)994100000011767116 100 $a20210701d2021 uy 0 101 0 $aeng 135 $aurcnu|||||||| 181 $ctxt$2rdacontent 182 $cc$2rdamedia 183 $acr$2rdacarrier 200 04$aThe Jews in medieval Egypt /$fedited by Miriam Frenkel 210 1$aBoston :$cAcademic Studies Press,$d2021. 215 $a1 online resource (xiv, 300 pages) $cillustrations 225 1 $aThe lands and ages of the Jewish people 311 0 $a1-61811-746-7 320 $aIncludes bibliographical references and index. 327 $tFront matter --$tContents --$tIntroduction --$t1 Between the Hellenistic World and the Cairo Genizah: The Jewish Community in Late Antique Egypt --$t2 A Concise History of Islamic Egypt --$t3 The Community?s Borders; Converts and Renegades --$t4 Communal Self-Government: The Genizah Period --$t5 Introduction to the Legal Arena --$t6 Jewish Economic Life in Medieval Egypt: Images, Theories, and Research --$t7 Jewish Family Life in Medieval Egypt --$t8 Situating Egyptian Pietism --$t9 Languages and Language Varieties Used by Medieval Egyptian Jews --$t10 Hebrew Poetry in Medieval Egypt --$t11 The Jews in Medieval Egypt under the Mamluks (1250?1517) --$tBibliography --$tIndex 330 $aJews lived in Egypt over many centuries, from biblical times until the middle of the previous century. Nevertheless, Jewish life in medieval Islamic Egypt was for many years an obscure and understudied theme. The present book offers the reader a wide-ranging picture of Jewish life in medieval Egypt as depicted by most recent scholarship. Starting from the last phases of the Byzantine era and ending with the Mamluk period, the book presents a scholarly yet vivid description of Jewish communal organization, judiciary, economic frameworks, family life, and lingual practices, as well as religious and literary activities of the medieval Jews of Egypt. 410 0$aLands and ages of the Jewish people. 606 $aJews$zEgypt$xHistory$yTo 1500 607 $aEgypt$xCivilization$xJewish influences 607 $aEgypt$xHistory$y1250-1517 610 $aAyyubids. 610 $aCairo Geniza. 610 $aDhimma. 610 $aEgypt. 610 $aFatimids. 610 $aHebrew poetry. 610 $aIslam. 610 $aJewish-Muslim relations. 610 $aJudaism. 610 $aJudeo-Arabic literature. 610 $aMamluks. 610 $aMedieval. 610 $aMiddle Ages. 610 $aMoses Maimonides. 610 $aancient. 610 $aantiquity. 610 $aantisemitism. 610 $aculture. 610 $acustoms. 610 $aeconomy. 610 $afamily life. 610 $ageography. 610 $ahistory. 610 $alanguage. 610 $alaw. 610 $amarriage. 610 $aminorities. 610 $amishnah. 610 $apolitics. 610 $areligious practice. 610 $aself-government. 615 0$aJews$xHistory 676 $a962.00492400902 702 $aFrenkel$b Miriam 801 0$bMiAaPQ 801 1$bMiAaPQ 801 2$bUtOrBLW 906 $aBOOK 912 $a9910812027803321 996 $aThe Jews in medieval Egypt$93989212 997 $aUNINA LEADER 04873oam 2200685I 450 001 9910970083003321 005 20251116161527.0 010 $a1-317-70140-2 010 $a1-138-09434-X 010 $a1-315-78007-0 010 $a1-317-70141-0 024 7 $a10.4324/9781315780078 035 $a(CKB)2670000000599890 035 $a(EBL)1983456 035 $a(SSID)ssj0001529738 035 $a(PQKBManifestationID)12599816 035 $a(PQKBTitleCode)TC0001529738 035 $a(PQKBWorkID)11523967 035 $a(PQKB)10232808 035 $a(MiAaPQ)EBC1983456 035 $a(OCoLC)958097609 035 $a(EXLCZ)992670000000599890 100 $a20180706d2015 uy 0 101 0 $aeng 135 $aur|n|---||||| 181 $ctxt 182 $cc 183 $acr 200 10$aBehavioural risks in corporate governance $eregulatory intervention as a risk management mechanism /$fNgozi Vivian Okoye 205 $a1st ed. 210 1$aLondon ;$aNew York :$cRoutledge,$d2015. 215 $a1 online resource (286 p.) 225 1 $aRoutledge Research in Corporate Law 300 $aDescription based upon print version of record. 311 08$a0-415-74306-0 311 08$a1-336-14899-3 320 $aIncludes bibliographical references at the end of each chapters and index. 327 $aCover; Title Page; Copyright Page; Table of Contents; Table of cases; Table of legislation; Table of codes, guidelines and guidance; List of figures; Acknowledgements; 1 Introduction; 1.1 Background and overview; 1.2 Research paradigm and methodology; 2 A discussion of relevant literature; 2.1 Introduction; 2.2 Corporate theories; 2.3 Corporate governance; 2.4 The corporate board and company directors; 2.5 Corporate failures; 2.6 Personality and behaviour; 2.7 Corporate risk and risk management; 2.8 Regulatory theories; 2.9 Conclusion; 3 Risk and corporate governance; 3.1 Introduction 327 $a3.2 Risk3.3 Risk management; 3.4 Risk, personality and behavioural risk in corporate governance; 3.5 The UK Corporate Governance Code; 3.6 UK Companies Act; 3.7 Other regulations/corporate mechanisms; 3.8 Conclusion; 4 Impact of behavioural risks in corporate governance; 4.1 Introduction; 4.2 Investigations and reports; 4.3 The behaviour of company directors in corporate failures; 4.4 Judicial and societal perspectives; 4.5 Consequential issues; 4.6 Conclusion; 5 Personality and corporate governance; 5.1 Introduction; 5.2 What is personality?; 5.3 The Five-Factor Model of personality 327 $a5.4 Identification of personality dimensions5.5 Personality traits and corporate governance; 5.6 Personality traits and specific job performance; 5.7 Conscientiousness; 5.8 Conclusion; 6 Conceptual framework for personality risk management; 6.1 Introduction; 6.2 What needs to be done?; 6.3 Approaches to managing personality risks; 6.4 Indicators of effectiveness; 6.5 Why choose a regulatory regime?; 6.6 Corporate and regulatory theories in the management of personality risks; 6.7 Aims of the personality risk management model; 6.8 Conclusion; 7 The model; 7.1 Preliminary issues 327 $a7.2 The model in detail7.3 The model and the present UK behavioural risk management mechanisms: limitations in the status quo; 7.4 Practical importation of the model into the present UK regime; 7.5 Considerations in relation to the model; 7.6 Conclusion; 8 Conclusion; 8.1 Overview of arguments; 8.2 Recommendations for future research and development; Index 330 $aRecent cases of corporate failures, including the fixing of LIBOR rates and money laundering issues in the banking industry, highlight how behavioural issues on the part of company directors are significant contributory factors in corporate governance and the success or failure of companies. This book examines how personality and behavioural issues have contributed to major corporate failures, and how this risk may be managed.The book examines behavioural risks in corporate governance, and evaluates the extent to which risk management mechanisms have acknowledged various aspects of behaviour. 410 0$aRoutledge research in corporate law. 606 $aCorporate governance$xLaw and legislation$zGreat Britain 606 $aCorporate governance$xLaw and legislation$zUnited States 606 $aDirectors of corporations$xConduct of life 607 $aUSA$2gnd 615 0$aCorporate governance$xLaw and legislation 615 0$aCorporate governance$xLaw and legislation 615 0$aDirectors of corporations$xConduct of life. 676 $a346.410664 676 $a658.42 700 $aOkoye$b Ngozi Vivian.$01877679 801 0$bMiAaPQ 801 1$bMiAaPQ 801 2$bMiAaPQ 906 $aBOOK 912 $a9910970083003321 996 $aBehavioural risks in corporate governance$94490022 997 $aUNINA